000 00443nam a2200145 a 4500
001 000029809
005 20200930055825.0
008 110426s1964 dr 000 0 spa d
040 _aDO-SdBNP
_bspa
_cBNPHU
100 1 _aPérez Leyba, Salvador
_956384
245 1 0 _aTurismo :
_bla verdadera empresa del pueblo /
_cSalvador A. Pérez Leyba.
260 _aSanto Domingo :
_bEditora del Caribe,
_c1964.
300 _a14 p. ;
_c25 cm.
049 _aBNPD
999 _c29301
_d29301